Представление документа в формате RUSMARC

ПолеНазваниеЗначение
  Тип записи a
  Библиографический уровень m
001 Контрольный номер RU/SLIB/B/208772701
005 Дата корректировки 20251003164103.8
010 Индекс ISBN __
d Цена 2-60
101 Язык документа 0_
a Язык текста rus
200 Заглавие и сведения об ответственности 1_
a Заглавие Когда качало меня солнце ; Синий ветер каслания
f Первые сведения об ответственности Ю. Н. Шесталов
b Общее обозначение материала Текст
210 Выходные данные 1_
a Место издания Свердловск
c Издательство Сред.-Урал. кн. изд-во
d Дата издания 1987
215 Физическое описание __
a Объем 560 с.
327 Примечание о содержании 0_
a Примечание о содержании Синий ветер каслания / Ю. Н. Шесталов
606 Тематические рубрики __
a Основная рубрика Художественная литература
z Хронологическая подрубрика 20 в.
y Географическая подрубрика Россия ; Ханты-Мансийский автономный округ - Югра; ХМАО-Югра
606 Тематические рубрики __
a Основная рубрика Литература народов России (произведения)
610 Ключевые слова 0_
a Ключевые слова мансийская литература; проза; романы
686 Индексы других классификаций __
a Классификационный индекс К84(2Рос=Манс)6-4
700 Автор _1
a Фамилия Шесталов
b Имя Ю. Н.
g Полное личное имя Юван Николаевич
4 Код отношения 070
702 Вторичная интеллектуальная ответственность _1
a Фамилия Санги
b Имя В.
4 Код отношения Автор
4 Код отношения 070
801 Источник записи _0
a Страна RU
b Организация Муниципальное бюджетное учреждение культуры "Централизованная библиотечная система" г. Сургут (Центральная городская библиотека им. А. С. Пушкина)
g Правила каталогизации КиК/Лебедева
801 Источник записи _1
a Страна RU
b Организация Муниципальное бюджетное учреждение культуры "Централизованная библиотечная система" г. Сургут (Центральная городская библиотека им. А. С. Пушкина)
g Правила каталогизации КиК/Лебедева
852 Данные о местонахождении __
j Шифр хранения К84(2Рос=Манс)6-4
i Авторский знак Ш 51
p Инвентарный номер 33658
901 Тип документа __
t Тип документа m
990 Данные о заказе (DOS) __
j Количество экземпляров (DOS) 7
t N записи в КСУ для И/У (DOS) ретро